Acharya Ramchandra Shukla aur prof. Joseph Mundasseri ke sammiksha siddhant (Record no. 7298)

MARC details
000 -LEADER
fixed length control field 00550cam a2200205ua 4500
001 - CONTROL NUMBER
control field 8188
005 - DATE AND TIME OF LATEST TRANSACTION
control field 20260515114314.0
008 - FIXED-LENGTH DATA ELEMENTS--GENERAL INFORMATION
fixed length control field 150110n ii |||gr||||Z||||||hin
040 ## - CATALOGING SOURCE
Transcribing agency MAIN
041 ## - LANGUAGE CODE
Language code of text/sound track or separate title hin
082 ## - DEWEY DECIMAL CLASSIFICATION NUMBER
Classification number 920
100 ## - MAIN ENTRY--PERSONAL NAME
Personal name Nair, R.,
Relator term Author.
245 1# - TITLE STATEMENT
Title Acharya Ramchandra Shukla aur prof. Joseph Mundasseri ke sammiksha siddhant
Statement of responsibility, etc. By R. S. Ramchandran Nair
250 ## - EDITION STATEMENT
Edition statement 1st.
260 ## - PUBLICATION, DISTRIBUTION, ETC.
Place of publication, distribution, etc. Varanasi:
Name of publisher, distributor, etc. Aacharya,
Date of publication, distribution, etc. 1994.
300 ## - PHYSICAL DESCRIPTION
Extent 88p.
653 ## - INDEX TERM--UNCONTROLLED
Uncontrolled term Biography, genealogy & insignia
653 ## - INDEX TERM--UNCONTROLLED
Uncontrolled term Hindi biography
942 ## - ADDED ENTRY ELEMENTS (KOHA)
Koha item type Books
Holdings
Withdrawn status Lost status Damaged status Not for loan Home library Current library Shelving location Date acquired Total checkouts Full call number Barcode Date last seen Copy number Price effective from Koha item type
        Naharkatiya College Library Naharkatiya College Library General stacks 09/19/2020   920 | NAI 6885 09/19/2020 1 09/19/2020 Books